Tratado de técnica quirúrgica / (Record no. 92809)

MARC details
000 -LEADER
campo de control de longitud fija 01912nam a2200277 i 4500
001 - NÚMERO DE CONTROL
campo de control 92809
003 - IDENTIFICADOR DE NÚMERO DE CONTROL
campo de control ES-MaACL
005 - FECHA Y HORA DE LA ÚLTIMA TRANSACCIÓN
campo de control 20250806085408.0
007 - CAMPO FIJO DE DESCRIPCIÓN FÍSICA--INFORMACIÓN GENERAL
campo de control de longitud fija t|
008 - DATOS DE LONGITUD FIJA--INFORMACIÓN GENERAL
campo de control de longitud fija 050328m19711979sp a |||| | spa d
020 ## - NÚMERO INTERNACIONAL ESTÁNDAR DEL LIBRO
Número Internacional Estándar del Libro 84-311-0179-2
080 ## - NÚMERO DE LA CLASIFICACIÓN DECIMAL UNIVERSAL
Número de la Clasificación Decimal Universal 617(075.8)
245 00 - MENCIÓN DEL TÍTULO
Título Tratado de técnica quirúrgica /
Mención de responsabilidad, etc. publicado bajo la dirección de Jean Patel y Lucien Leger ; secretario, Jean-Claude Patel.
250 ## - MENCION DE EDICION
Mención de edición 1ª ed.
260 ## - PUBLICACIÓN, DISTRIBUCIÓN, ETC.
Lugar de publicación, distribución, etc. Barcelona :
Nombre del editor, distribuidor, etc. Toray-Masson,
Fecha de publicación, distribución, etc. 1971-1979.
300 ## - DESCRIPCIÓN FÍSICA
Extensión 15 v. :
Otras características físicas il. ;
Dimensiones 26 cm.
500 ## - NOTA GENERAL
Nota general Índices.
504 ## - NOTA DE BIBLIOGRAFÍA, ETC.
Nota de bibliografía, etc. Referencias bibliográficas.
505 8# - NOTA DE CONTENIDO CON FORMATO
Nota de contenido con formato Contiene: t. I ;
Título Cabeza y cuello /
Mención de responsabilidad H. Redon - t. II. --
Título Raquis. Bóveda craneana. Traumatismos craneanos /
Mención de responsabilidad André Sicard, Louis Mansuy - t. III. --
Título Aparato respiratorio. Mediastino. Pared torácica /
Mención de responsabilidad H. Le Brigand - t. IV-1 y 2. --
Título Corazón. Grandes vasos. Pericardio /
Mención de responsabilidad Ph. Blondeau, E. Henry - t. V. --
Título Arterias. Venas. Linfáticos /
Mención de responsabilidad J.M. Cormier... [et al] - t. VIII. --
Título Miembros y cinturones /
Mención de responsabilidad R. Merle d'Aubigné y F. Mazas - t. IX. --
Título Pared abdominal. Suturas digestivas. Laparotomías /
Mención de responsabilidad Philippe Détrie - t. X. --
Título Esófago. Estómago. Duodeno. Diafragma /
Mención de responsabilidad R. Devin... [et al] - t. XI. --
Título Intestino delgado. Colon. Recto. Ano /
Mención de responsabilidad Jean Lamy, R. Louis - t. XII-1. --
Título Hígado y vías biliares intrahepáticas /
Mención de responsabilidad René Bourgeon y Marcel Guntz - t. XII-2. --
Título Vias biliares extrahepáticas. Páncreas /
Mención de responsabilidad Jean Patel... [et al] - t. XIII. --
Título Sistema portal. Bazo /
Mención de responsabilidad Lucien Leger y Jean Patel - t. XIV. --
Título Ginecología /
Mención de responsabilidad Henry G. Robert - t. XV. --
Título Urología /
Mención de responsabilidad R. Couvelaire, J. Cukier
597 ## - NOTA DE DESCRIPCIÓN FÍSICA
NOTA DE DESCRIPCIÓN FÍSICA 13 t. en 15 v.; faltan t. VI-VII.
650 07 - PUNTO DE ACCESO ADICIONAL DE MATERIA--TÉRMINO DE MATERIA
Término de materia o nombre geográfico como elemento de entrada Cirugía
Fuente del encabezamiento o término embne
9 (RLIN) 11050
700 1# - ENTRADA AGREGADA--NOMBRE PERSONAL
Nombre de persona Patel, Jean.
9 (RLIN) 161481
700 1# - ENTRADA AGREGADA--NOMBRE PERSONAL
Nombre de persona Leger, Lucien.
9 (RLIN) 71276
852 ## - LOCALIZACIÓN
Ubicación ES-MaACL
Número de control de estantería L-31160-74
Nota libre - enc. hol.
condición física (Faltan: t. VI-VII)
Holdings
Estatus retirado Estado de pérdida Estado de daño No para préstamo Biblioteca de origen Biblioteca actual Ubicación en estantería Fecha de adquisición Fuente de adquisición Total de préstamos Signatura topográfica completa Código de barras Visto por última vez Precio de reemplazo Tipo de ítem Koha
        Biblioteca del Ateneo de Madrid Biblioteca del Ateneo de Madrid Depósito 2 17/01/2008     L-31160-74 1096885 23/02/2023 23/02/2023 Libro impreso